UM Logo

Fundamentals of earth & life science / (Record no. 18509)

MARC details
000 -LEADER
fixed length control field 00745nam a22002177a 4500
005 - DATE AND TIME OF LATEST TRANSACTION
control field 20250320135320.0
008 - FIXED-LENGTH DATA ELEMENTS--GENERAL INFORMATION
fixed length control field 231124b ||||| |||| 00| 0 eng d
020 ## - INTERNATIONAL STANDARD BOOK NUMBER
International Standard Book Number 9786214061273
082 ## - DEWEY DECIMAL CLASSIFICATION NUMBER
Classification number DFil 550 C114 2021
100 ## - MAIN ENTRY--PERSONAL NAME
Personal name Cadiz, Arlon P.
9 (RLIN) 41345
245 ## - TITLE STATEMENT
Title Fundamentals of earth & life science /
Statement of responsibility, etc. Arlon P. Cadiz and three others.
260 ## - PUBLICATION, DISTRIBUTION, ETC. (IMPRINT)
Place of publication, distribution, etc. Manila :
Name of publisher, distributor, etc. Mindshapers Co., Inc.,
Date of publication, distribution, etc. ©2021.
300 ## - PHYSICAL DESCRIPTION
Extent xii, 448 pages :
Other physical details illustrations ;
Dimensions 25 cm.
500 ## - GENERAL NOTE
General note Includes references.
650 ## - SUBJECT ADDED ENTRY--TOPICAL TERM
Topical term or geographic name as entry element Earth science.
9 (RLIN) 50334
650 ## - SUBJECT ADDED ENTRY--TOPICAL TERM
Topical term or geographic name as entry element Life science.
9 (RLIN) 50335
700 ## - ADDED ENTRY--PERSONAL NAME
Personal name Pascual, Catherine B.
Relator term author.
9 (RLIN) 50191
700 ## - ADDED ENTRY--PERSONAL NAME
Personal name Villanoy, Felisa M.
Relator term author.
9 (RLIN) 50192
700 ## - ADDED ENTRY--PERSONAL NAME
Personal name Macasil, Trinidad D.
Relator term author.
9 (RLIN) 50193
942 ## - ADDED ENTRY ELEMENTS (KOHA)
Source of classification or shelving scheme Dewey Decimal Classification
Koha item type Filipiniana
Holdings
Withdrawn status Lost status Source of classification or shelving scheme Damaged status Not for loan Collection code Home library Current library Shelving location Date acquired Source of acquisition Cost, normal purchase price Total Checkouts Full call number Barcode Date last seen Date last checked out Price effective from Koha item type
    Dewey Decimal Classification     Filipiniana UM Digos College - LIC UM Digos College - LIC Book Cart 08/08/2023 Purchased 545.00 1 DFil 550 C114 2021 27298 11/13/2025 11/13/2025 11/24/2023 Filipiniana